000
00248nam a2200109Ia 4500
008
200302s9999 xx 000 0 und d
100
_a
Author
245
_a
Manual on Human Settlements
260
_b
Iysh Context
260
_c
1990
300
_a
208 P.,
999
_c
5644
_d
5644